Marketing maloobchodnej predajne farieb a lakov diplomová práca

Na minha lista:
Detalhes bibliográficos
Autor principal: Šestáková, Miroslava
Autor Corporativo: Obchodná fakulta EU. Katedra marketingu
Outros Autores: Kita, Pavol
Formato: Livro
Idioma:eslovaco
Publicado em: Bratislava 2009
Tags: Adicionar Tag
Sem tags, seja o primeiro a adicionar uma tag!

MARC

LEADER 00000nam$a2200000$$$4500
001 0098038
005 20240318135408.4
041 0 |a slo 
044 |a SK 
245 1 0 |a Marketing maloobchodnej predajne farieb a lakov  |b diplomová práca  |c Miroslava Šestáková ; škol. Pavol Kita 
264 1 |a Bratislava  |c 2009 
300 |a 97 s. 
100 1 |a Šestáková, Miroslava 
700 1 |a Kita, Pavol 
710 2 |a Obchodná fakulta EU. Katedra marketingu